000 00315nam a2200133Ia 4500
005 20260326100044.0
008 260326s9999||||xx |||||||||||||| ||und||
100 _aLeiris, Michel
245 0 _aJoan Miró :
_b Litógrafo /
_cMichel Leiris
260 _bPolígrafa
300 _a233 p.
650 _aARTE
942 _cBK
999 _c7113
_d7113